Combinatorics and Commutative Algebra /
Wedi'i Gadw mewn:
| Prif Awdur: | |
|---|---|
| Fformat: | Sách giấy |
| Iaith: | English |
| Cyhoeddwyd: |
Boston :
Birkhauser ,
1983
|
| Tagiau: |
Ychwanegu Tag
Dim Tagiau, Byddwch y cyntaf i dagio'r cofnod hwn!
|
| Thư viện lưu trữ: | Thư viện Trường Đại học Đà Lạt |
|---|
| LEADER | 00576nam a2200241 4500 | ||
|---|---|---|---|
| 001 | DLU020011268 | ||
| 005 | ##12/30/1999 | ||
| 041 | # | # | |a eng |
| 082 | # | # | |a 512.24 |b ST-R |
| 090 | # | # | |a 512.24 |b ST-R |
| 100 | # | # | |a Stanley, Richard P. |
| 245 | # | # | |a Combinatorics and Commutative Algebra / |c Stanley Richard P. |
| 260 | # | # | |a Boston : |b Birkhauser , |c 1983 |
| 300 | # | # | |a VIII, 88 tr.; |c 23 cm. |
| 992 | # | # | |a 4000 |
| 994 | # | # | |a DLU |
| 900 | # | # | |a False |
| 911 | # | # | |a Administrator |
| 925 | # | # | |a G |
| 926 | # | # | |a A |
| 927 | # | # | |a SH |
| 980 | # | # | |a Thư viện Trường Đại học Đà Lạt |